Paradis en blanc (Record no. 150132)

MARC details
000 -LEADER
campo de control de longitud fija 00673nam a2200193 i 4500
001 - NÚMERO DE CONTROL
campo de control 150132
003 - IDENTIFICADOR DE NÚMERO DE CONTROL
campo de control ES-MaACL
005 - FECHA Y HORA DE LA ÚLTIMA TRANSACCIÓN
campo de control 20240608063002.0
007 - CAMPO FIJO DE DESCRIPCIÓN FÍSICA--INFORMACIÓN GENERAL
campo de control de longitud fija t|
008 - DATOS DE LONGITUD FIJA--INFORMACIÓN GENERAL
campo de control de longitud fija 071026s1964 sp ||||1| cat d
100 1# - ENTRADA PRINCIPAL--NOMBRE DE PERSONA
Nombre de persona Valls Jordá, Joan,
Fechas asociadas al nombre 1917-1989
9 (RLIN) 112945
245 10 - MENCIÓN DEL TÍTULO
Título Paradis en blanc
Resto del título : Premi de poesia catalana "Ciutat de Barcelona" /
Mención de responsabilidad, etc. Joan Valls Jordá.
260 ## - PUBLICACIÓN, DISTRIBUCIÓN, ETC.
Lugar de publicación, distribución, etc. Alcoy :
Nombre del editor, distribuidor, etc. Instituto Alcoyano de Cultura "Andrés Sempere",
Fecha de publicación, distribución, etc. 1964.
300 ## - DESCRIPCIÓN FÍSICA
Extensión 63 p. ;
Dimensiones 22 cm.
710 2# - ENTRADA AGREGADA--NOMBRE DE ENTIDAD CORPORATIVA
Nombre de entidad corporativa o nombre de jurisdicción como elemento de entrada Instituto Alcoyano de Cultura "Andrés Sempere"
9 (RLIN) 4790
852 ## - LOCALIZACIÓN
Ubicación ES-MaACL
Número de control de estantería C-26183
Sublocalización o colección R.54666
852 ## - LOCALIZACIÓN
Ubicación ES-MaACL
Número de control de estantería C-26009
Sublocalización o colección R.54926
Holdings
Estatus retirado Estado de pérdida Estado de daño No para préstamo Biblioteca de origen Biblioteca actual Ubicación en estantería Fecha de adquisición Fuente de adquisición Total de préstamos Signatura topográfica completa Código de barras Visto por última vez Precio de reemplazo Tipo de ítem Koha
        Biblioteca del Ateneo de Madrid Biblioteca del Ateneo de Madrid Depósito 2 17/01/2008     C-26009 1156664 23/02/2023 23/02/2023 Libro impreso
        Biblioteca del Ateneo de Madrid Biblioteca del Ateneo de Madrid Depósito 2 17/01/2008     C-26183 1156663 23/02/2023 23/02/2023 Libro impreso